| 000 | 00520nam a2200181Ia 4500 | ||
|---|---|---|---|
| 999 |
_c14064 _d14064 |
||
| 003 | OSt | ||
| 005 | 20201020114928.0 | ||
| 008 | 190216s9999||||xx |||||||||||||| ||und|| | ||
| 020 | _a0416393209 | ||
| 040 | _coclc | ||
| 082 |
_a809.2 _bQUI/M |
||
| 100 |
_a Quigley, Austin E _95591 |
||
| 245 | 4 |
_aThe Modern Stage And Other Worlds / _cAustin E Quigley |
|
| 260 |
_bMethuen & Co, _c1985. _aNew york: |
||
| 300 | _a320p | ||
| 650 | _aEnglish Drama | ||
| 942 |
_cBK _2ddc _h809.2 _iQUI/M _k809.2 _mQUI/M |
||